El peso de la noche

Gespeichert in:
Bibliographische Detailangaben
1. Verfasser: Edwards, Jorge (VerfasserIn)
Format: Buch
Sprache:Spanisch
Veröffentlicht: Barcelona Seix Barral 1971
Schriftenreihe:Biblioteca Breve, 81
Schlagworte:
Tags: Tag hinzufügen
Keine Tags, Fügen Sie den ersten Tag hinzu!

MARC

LEADER 00000cam a2200000 a 4500
001 UCQ2274
003 CL-VaPUC
008 980724e19710000SP |||||||||||||||||spa|d
082 0 4 |a Ch863  |b EDW  |2 21 
100 0 |a Edwards, Jorge  |e author  |9 371556 
245 1 3 |a El peso de la noche 
300 |a 201 p 
942 |c BK 
945 |d 19980724 00:00:00  |a lriquelm 
260 |a Barcelona  |b Seix Barral  |c 1971 
650 0 |a Novelas chilenas   |9 265425 
650 0 |a Literatura chilena   |9 308278 
583 |a last modification  |c 20141107 02:31:29  |k Rodrigo Vera 
490 0 |a Biblioteca Breve, 81 
999 |c 273111  |d 273109 
952 |0 0  |1 0  |4 0  |6 CH_863_000000000000000_EDW_1971  |7 0  |8 A  |9 308424  |a BIBEDU  |b BIBEDU  |d 2019-11-20  |i 1444190  |o Ch863 EDW 1971  |p 1444190  |r 2019-11-20  |w 2019-11-20  |y BK  |k LIT 
952 |0 0  |1 0  |3 erb  |4 0  |6 CH_863_000000000000000_EDW_1971  |7 0  |8 X  |9 308425  |a FDOBUD  |b FDOBUD  |i 5106230  |o Ch863 EDW 1971  |p 5106230  |r 2019-11-20  |w 2019-11-20  |y BK_X  |z Catalogado en:20141107  |k BUD